[Event "Agneaux St Lo op 06th"]
[Site "Agneaux"]
[Date "2002.02.20"]
[Round "7"]
[White "Regnier, Bruno"]
[Black "Moltchanov, Roman"]
[Result "0-1"]
[WhiteElo "2060"]
[BlackElo "2379"]
[PlyCount "94"]
[EventDate "2002.02.15"]
[EventType "swiss"]
[EventRounds "7"]
[EventCountry "FRA"]
[SourceTitle "EXT 2003"]
[Source "ChessBase"]
[SourceDate "2002.11.25"]
[SourceVersion "1"]
[SourceVersionDate "2002.11.25"]
[SourceQuality "1"]

1. d4 Nf6 2. c4 c5 3. d5 b5 4. Nf3 g6 5. Qc2 b4 6. e4 d6 7. Bf4 Bg7 8. Nbd2 0-0 9. Be2 e6 10. 0-0 e5 11. Bg5 Nbd7 12. a3 h6 13. Bxf6 Bxf6 14. Ne1 Qb6 15. a4 Bg7 16. Nd3 Qd8 17. Rae1 Qe7 18. b3 h5 19. Kh1 Bh6 20. f4 exf4 21. Nxf4 Ne5 22. Nd3 Bg7 23. Nxe5 Bxe5 24. Nf3 Bc3 25. Rd1 Bd7 26. Bd3 Rae8 27. Qc1 Kg7 28. Qg5 Bf6 29. Qf4 Be5 30. Nxe5 Qxe5 31. Qxe5+ Rxe5 32. Rf2 f5 33. Rdf1 Ree8 34. h4 fxe4 35. Rxf8 Rxf8 36. Rxf8 Kxf8 37. Bxe4 Kf7 38. Kh2 Bg4 39. Bc2 Kf6 40. Kg3 g5 41. hxg5+ Kxg5 42. Kf2 h4 43. Ke3 a5 44. Kd2 Kf4 45. Bd3 Kg3 46. Be4 Kf2 47. Kc1 Be2 0-1

[Event "Agneaux St Lo op 06th"]
[Site "Agneaux"]
[Date "2002.02.19"]
[Round "6"]
[White "Piankov, Evgenij"]
[Black "Regnier, Bruno"]
[Result "0-1"]
[WhiteElo "2345"]
[BlackElo "2060"]
[PlyCount "92"]
[EventDate "2002.02.15"]
[EventType "swiss"]
[EventRounds "7"]
[EventCountry "FRA"]
[SourceTitle "EXT 2003"]
[Source "ChessBase"]
[SourceDate "2002.11.25"]
[SourceVersion "1"]
[SourceVersionDate "2002.11.25"]
[SourceQuality "1"]

1. d4 d5 2. e3 Nf6 3. Bd3 e6 4. f4 c5 5. c3 Nc6 6. Nf3 Bd6 7. 0-0 0-0 8. Ne5 Ne4 9. Bxe4 dxe4 10. Nd2 f5 11. Ndc4 Nxe5 12. dxe5 Be7 13. b3 Qc7 14. Qc2 b5 15. Nb2 Bb7 16. c4 b4 17. Bd2 Rfd8 18. Rfd1 a5 19. Be1 Bc6 20. h3 Kh8 21. Rxd8+ Rxd8 22. Rd1 Rxd1 23. Qxd1 Qd7 24. Qe2 a4 25. bxa4 Bxa4 26. Nxa4 Qxa4 27. Qd2 Qe8 28. Kf1 Kg8 29. Qd1 Qd8 30. Qb3 g5 31. Ke2 Kf7 32. Bd2 Qg8 33. Kf1 Qd8 34. Be1 Qa8 35. g4 Qd8 36. gxf5 exf5 37. Bf2 h5 38. Ke1 g4 39. hxg4 hxg4 40. a3 Bh4 41. axb4 Bxf2+ 42. Kxf2 Qd2+ 43. Kg3 Qe1+ 44. Kg2 Qe2+ 45. Kg3 Qf3+ 46. Kh4 Kg6 0-1

[Event "Agneaux St Lo op 06th"]
[Site "Agneaux"]
[Date "2002.02.17"]
[Round "2"]
[White "Tetenkina, Irina"]
[Black "Regnier, Bruno"]
[Result "1-0"]
[WhiteElo "2252"]
[BlackElo "2060"]
[PlyCount "43"]
[EventDate "2002.02.15"]
[EventType "swiss"]
[EventRounds "7"]
[EventCountry "FRA"]
[SourceTitle "EXT 2003"]
[Source "ChessBase"]
[SourceDate "2002.11.25"]
[SourceVersion "1"]
[SourceVersionDate "2002.11.25"]
[SourceQuality "1"]

1. Nf3 d5 2. c4 Nf6 3. g3 Bg4 4. Bg2 e6 5. Qb3 Qc8 6. Ne5 Bf5 7. cxd5 exd5 8. Nc3 Bd6 9. Nxd5 Be6 10. Nxf6+ gxf6 11. Qxb7 Qxb7 12. Bxb7 fxe5 13. Bxa8 c6 14. d3 Bc5 15. Bd2 Kd7 16. Rc1 Bb6 17. a4 a5 18. b4 axb4 19. Bxb4 Rc8 20. a5 Ba7 21. Bb7 Rc7 22. a6 1-0